| 000 | 00519nam a22001457a 4500 | ||
|---|---|---|---|
| 003 | OSt | ||
| 005 | 20260324114003.0 | ||
| 008 | 211115b ||||| |||| 00| 0 eng d | ||
| 040 | _cAIMIT LIBRARY | ||
| 100 |
_aKT, Vikhyath; Shetty, Annapoorna. _d181740 _910389 |
||
| 245 | _aDesign and Develop SEO and Digital Marketing to Increase GSTGSS Product Download by 1 daily / | ||
| 260 |
_aSSG Software Systems Private Limited, Bangalore _bAnnapoorna Shetty. _c2021 |
||
| 856 | _uURL:http://www.ssglogic.com | ||
| 942 |
_2ddc _cPRO |
||
| 999 |
_c220584 _d220584 |
||